LDR 01002nam a2200229 i 4500 001 000000057316 003 CaOOAMICUS 005 20091126000000.0 008 091126s1992 it u000 u ita u 013 $a28488 040 $aSeMil$bita 100 1 $aCorti, Renato,$c
.$0(OLS)http://semarc/name/16279 245 10$aEcclesia Mater :$bil progetto pastorale parrocchiale : nota pastorale per l'anno 1992-93 /$cRenato Corti. 260 $aNovara :$b[s.n.],$c1992. 300 $a117 p. ;$c21 cm. 500 $aFondo Mezzanotti. 650 4$aVescovi novaresi - Lettere pastorali.$0(OLS)http://semarc/subject/9619 850 $aSeMil 852 $aSeMil$W1$xVenegono$y1$m2F I 310$j23470$B23470$CSeMilBibl$Z2$F23472 $81 961 $aOmaggio: Mezzanotti mons. Alessandro 996 $6245$aEcclesia Mater :$bil progetto pastorale parrocchiale : nota pastorale per l'anno 1992-93$9(OLS)http://semarc/title/89189 996 $6260$aNovara :$b[s.n.]$9(OLS)http://semarc/publisher/30468